LEADER 02754oas 2200889 a 450 001 9910143914403321 005 20260218112609.0 035 $a(DE-599)ZDB2067648-7 035 $a(OCoLC)60621753 035 $a(CONSER) 2012236793 035 $a(CKB)954921374681 035 $a(DE-599)2067648-7 035 $a(EXLCZ)99954921374681 100 $a20050614a19799999 uy 101 0 $aeng 135 $aurmn||||||||| 181 $ctxt$2rdacontent 182 $cc$2rdamedia 183 $acr$2rdacarrier 200 10$aInc 210 $a[Boston, MA] $c[United Marine Pub.] 215 $a1 online resource 300 $aBeginning in 1995, has four issues per year called: Inc. technology, and two "special issues", all of which have volume numbering intermingled with the regular monthly issues and results in a total of 18 issues per year; Issues for <2003-> have 13 issues a year including a special Fall issue called: The Inc. 500. 300 $aIssues for published by Inc. Publishing Co.; Sept. 2001- by Gordon Lee Jones. 311 08$a0162-8968 517 1 $aInc. technology 606 $aSmall business$zUnited States$vPeriodicals 606 $aGoing public (Securities)$zUnited States$vDirectories 606 $aBusiness$vPeriodicals 606 $aPetites et moyennes entreprises$zE?tats-Unis$vPe?riodiques 606 $aAffaires$vPe?riodiques 606 $aSmall Business$2ebps 606 $aManagement$2ebps 606 $aBusiness$2fast$3(OCoLC)fst00842262 606 $aGoing public (Securities)$2fast$3(OCoLC)fst00944353 606 $aSmall business$2fast$3(OCoLC)fst01121223 606 $aBedrijven$2gtt 607 $aUnited States$2fast$1https://id.oclc.org/worldcat/entity/E39PBJtxgQXMWqmjMjjwXRHgrq 608 $aPeriodicals. 608 $aDirectories.$2fast 608 $aPeriodicals.$2fast 615 0$aSmall business 615 0$aGoing public (Securities) 615 0$aBusiness 615 6$aPetites et moyennes entreprises 615 6$aAffaires 615 7$aSmall Business. 615 7$aManagement. 615 7$aBusiness. 615 7$aGoing public (Securities) 615 7$aSmall business. 615 17$aBedrijven. 676 $a658/.022 801 0$bOCLCS 801 1$bOCLCS 801 2$bGAO 801 2$bOCLCQ 801 2$bNOC 801 2$bOCLCO 801 2$bOCLCQ 801 2$bOCLCF 801 2$bOCLCO 801 2$bOCLCQ 801 2$bDYJ 801 2$bZ5A 801 2$bWT2 801 2$bOCLCQ 801 2$bAU@ 801 2$bVT2 801 2$bOCLCQ 801 2$bUUM 801 2$bOCLCQ 801 2$bOCLCL 906 $aJOURNAL 912 $a9910143914403321 996 $aInc$92316000 997 $aUNINA